A glimpse of Jesus : (Record no. 44907)
[ view plain ]
| 000 -LEADER | |
|---|---|
| fixed length control field | 01166cam a2200301 a 4500 |
| 001 - CONTROL NUMBER | |
| control field | 12895300 |
| 005 - DATE AND TIME OF LATEST TRANSACTION | |
| control field | 20181214104529.0 |
| 008 - FIXED-LENGTH DATA ELEMENTS--GENERAL INFORMATION | |
| fixed length control field | 020814s2003 cau b 000 0 eng |
| 010 ## - LIBRARY OF CONGRESS CONTROL NUMBER | |
| LC control number | 2002032808 |
| 020 ## - INTERNATIONAL STANDARD BOOK NUMBER | |
| International Standard Book Number | 0060000694 |
| 040 ## - CATALOGING SOURCE | |
| Original cataloging agency | DLC |
| Transcribing agency | DLC |
| Modifying agency | DLC |
| 100 1# - MAIN ENTRY--PERSONAL NAME | |
| Personal name | Manning, Brennan. |
| 245 12 - TITLE STATEMENT | |
| Title | A glimpse of Jesus : |
| Remainder of title | the stranger to self-hatred / |
| Statement of responsibility, etc | Brennan Manning. |
| 250 ## - EDITION STATEMENT | |
| Edition statement | 1st ed. |
| 260 ## - PUBLICATION, DISTRIBUTION, ETC. (IMPRINT) | |
| Place of publication, distribution, etc | [San Francisco] : |
| Name of publisher, distributor, etc | HarperSanFrancisco, |
| Date of publication, distribution, etc | c2003. |
| 300 ## - PHYSICAL DESCRIPTION | |
| Extent | x, 145 p. ; |
| Dimensions | 22 cm. |
| 336 ## - CONTENT TYPE | |
| Content Type Term | text |
| 337 ## - MEDIA TYPE | |
| Media Type Term | unmediated |
| 338 ## - CARRIER TYPE | |
| Carrier Type Term | volume |
| 500 ## - GENERAL NOTE | |
| General note | "Portions of this book were previously published in Stranger to self-hatred, by Brennan Manning, published by Dimension Books"--T.p. verso. |
| 504 ## - BIBLIOGRAPHY, ETC. NOTE | |
| Bibliography, etc | Includes bibliographical references. |
| 650 #0 - SUBJECT ADDED ENTRY--TOPICAL TERM | |
| Topical term or geographic name as entry element | Self-acceptance |
| General subdivision | Religious aspects |
| -- | Christianity. |
| 650 #0 - SUBJECT ADDED ENTRY--TOPICAL TERM | |
| Topical term or geographic name as entry element | Christian life. |
| 700 1# - ADDED ENTRY--PERSONAL NAME | |
| Personal name | Manning, Brennan. |
| Title of a work | Stranger to self-hatred. |
| 856 42 - ELECTRONIC LOCATION AND ACCESS | |
| Materials specified | Publisher description |
| Uniform Resource Identifier | <a href="http://www.loc.gov/catdir/description/hc043/2002032808.html">http://www.loc.gov/catdir/description/hc043/2002032808.html</a> |
| 856 42 - ELECTRONIC LOCATION AND ACCESS | |
| Materials specified | Contributor biographical information |
| Uniform Resource Identifier | <a href="http://www.loc.gov/catdir/enhancements/fy0910/2002032808-b.html">http://www.loc.gov/catdir/enhancements/fy0910/2002032808-b.html</a> |
| 942 ## - ADDED ENTRY ELEMENTS (KOHA) | |
| Source of classification or shelving scheme | Library of Congress Classification |
| Item type | Books |
| Withdrawn status | Lost status | Source of classification or shelving scheme | Damaged status | Not for loan | Home library | Current library | Shelving location | Date acquired | Source of acquisition | Inventory number | Total Checkouts | Full call number | Barcode | Date last seen | Price effective from | Koha item type |
|---|---|---|---|---|---|---|---|---|---|---|---|---|---|---|---|---|
| Library of Congress Classification | BSOP Library | BSOP Library | GC | 12/14/2018 | Donated by Dr. William and Mariel Kirwan | 44559 | BV4647 M31 2002 | 00055559 | 12/14/2018 | 12/14/2018 | Books |
